| 000 | 00604nam a22001937a 4500 | ||
|---|---|---|---|
| 999 |
_c12552 _d12552 |
||
| 003 | AR-CdUCM | ||
| 008 | 190409b ||||| |||| 00| 0 spa d | ||
| 040 |
_aMUNICIPALIDAD PROVINCIAL DEL CUSCO _cBIBLIOTECA MUNICIPAL DEL CUSCO |
||
| 082 |
_a320.985 / _bD63 / 1943 |
||
| 245 | _a¿Hay democracia en el Perú? | ||
| 260 |
_aLima : _c1943. |
||
| 300 |
_a56 páginas ; _c17 cm. |
||
| 505 | _aContenido: Constitución peruana y democracia. | ||
| 650 |
_aDemocracia _92598 |
||
| 650 |
_aConstitución política _96910 |
||
| 650 |
_aPerú siglo XX _91357 |
||
| 942 |
_2ddc _cLIBROS |
||
| 945 |
_adavv _d09/04/2019 |
||